| 000 | 00363nam a2200097Ia 4500 | ||
|---|---|---|---|
| 008 | 220214s9999 xx 000 0 und d | ||
| 245 | 4 | _aThe Eightth Meeting of the Senior Statisticians' Conference of the Association of Natural Rubber Producing Countries | |
| 260 | _bCountry Report, Rubber Control Department, Sri LankaCountry Report | ||
| 300 | _a10p | ||
| 942 | _cRE | ||
| 999 |
_c46342 _d46342 |
||